000 00407nam a22001337a 4500
008 240808b |||||||| |||| 00| 0 eng d
020 _a9781559395045
100 _aChagme, Karma.
245 _aSky Dharma:
_bThe Foundations of the Namcho Treasure Teachings
260 _aColorado USA:
_bSnow Lion,
_c2022.
300 _axxxiii, 491 p.;
_c23.5 Cm.
700 _aSherab, Rigdzin Kunzang.
_eAuthor
942 _2ddc
999 _c9961
_d9962